[Event "Polgar Challenge 2021"]
[Site "Online"]
[Date "2021.04.04"]
[Round "2.7"]
[White "Murzin, Volodar"]
[Black "Salimova, Nurgyul"]
[Result "0-1"]
[WhiteElo "2478"]
[BlackElo "2397"]
[Annotator "ChessBase"]
[PlyCount "62"]
[EventDate "2021.04.08"]
[EventType "tourn"]
[EventCountry "NET"]
[SourceTitle "playchess.com"]
[Source "ChessBase"]
[SourceQuality "1"]
[TimeControl "600+5"]

1. e4 {[%emt 0:00:00]} c6 {[%emt 0:00:00]} 2. d4 {[%emt 0:00:11]} d5 {[%emt 0:00:00]} 3. exd5 {[%emt 0:00:12]} cxd5 {[%emt 0:00:00]} 4. Bd3 {[%emt 0:00:04]} Nf6 {[%emt 0:00:02]} 5. c3 {[%emt 0:00:06]} Bg4 {[%emt 0:00:08]} 6. Ne2 {[%emt 0:00:03]} e6 {[%emt 0:01:13]} 7. O-O {[%emt 0:00:05]} Nc6 {[%emt 0:00:20]} 8. Qe1 {[%emt 0:00:05]} Bd6 {[%emt 0:01:06]} 9. f3 {[%emt 0:00:03]} Bh5 {[%emt 0:00:04]} 10. Qh4 {[%emt 0:00:03]} h6 {[%emt 0:02:40]} 11. Ng3 {[%emt 0:01:49]} Bg6 {[%emt 0:00:51]} 12. Bxg6 {[%emt 0:00:36]} fxg6 {[%emt 0:00:02]} 13. f4 {[%emt 0:01:11]} Qd7 {[%emt 0:00:36]} 14. Nd2 {[%emt 0:00:40]} O-O-O {[%emt 0:00:16]} 15. Nf3 {[%emt 0:00:07]} g5 {[%emt 0:00:45]} 16. fxg5 {[%emt 0:00:05]} hxg5 {[%emt 0:00:02]} 17. Qxg5 {[%emt 0:00:01]} Ne4 {[%emt 0:00:36]} 18. Nxe4 {[%emt 0:00:46]} dxe4 {[%emt 0:00:01]} 19. Ne5 {[%emt 0:00:02]} Nxe5 {[%emt 0:00:03]} 20. dxe5 {[%emt 0:00:03]} Bc5+ {[%emt 0:00:01]} 21. Be3 {[%emt 0:00:04]} Qd2 {[%emt 0:00:33]} 22. Rae1 {[%emt 0:01:46]} Rd3 {[%emt 0:00:53]} 23. Qxg7 {[%emt 0:00:18]} Bxe3+ {[%emt 0:00:04]} 24. Kh1 {[%emt 0:00:01]} Rdd8 {[%emt 0:01:09]} 25. Qg4 {[%emt 0:00:46]} Kb8 {[%emt 0:00:22]} 26. Qxe4 {[%emt 0:00:15]} Bb6 {[%emt 0:00:12]} 27. Rf6 {[%emt 0:00:48]} Rde8 {[%emt 0:00:07]} 28. Rf7 {[%emt 0:00:49]} Rxh2+ {[%emt 0:00:02]} 29. Kxh2 {[%emt 0:00:03]} Qh6+ {[%emt 0:00:01]} 30. Kg3 {[%emt 0:00:08]} Rg8+ {[%emt 0:00:01]} 31. Kf3 {[%emt 0:00:31]} Qh5+ {[%emt 0:00:01]} 0-1

[Event "Polgar Challenge 2021"]
[Site "Online"]
[Date "2021.04.04"]
[Round "2.8"]
[White "Mammadzada, Gunay"]
[Black "Praggnanandhaa R"]
[Result "0-1"]
[WhiteElo "2443"]
[BlackElo "2608"]
[Annotator "TA"]
[PlyCount "98"]
[EventDate "2021.04.08"]
[EventType "tourn"]
[EventCountry "NET"]
[SourceTitle "playchess.com"]
[Source "ChessBase"]
[SourceQuality "1"]

{[%evp 15,98,30,26,31,46,41,59,57,36,48,59,37,103,102,103,104,100,102,97,97,138,137,137,0,39,8,50,-10,39,33,23,0,50,-16,0,0,21,0,115,0,60,30,79,0,4,-58,-66,-52,-38,-93,-89,-102,0,0,29,36,83,-10,122,106,120,117,111,93,101,95,103,0,84,-53,54,0,10,0,91,-367,-353,-29979,-29979,-29978,-29979,-29979,-29957,-2399,-2207]} 1. e4 c5 2. Nf3 Nc6 3. d4 cxd4 4. Nxd4 Nf6 5. Nc3 d6 6. f3 e5 7. Nb3 Be7 8. Be3 Be6 9. Qe2 {9.Nd5 is becoming the main line. B56: Classical Sicilian: Unusual Lines.} a5 10. O-O-O a4 {[#]} 11. Nc5 {[%mdl 64] Pin. White is slightly better.} a3 {[#]} 12. b3 O-O 13. N5a4 {[#]} ({Avoid the trap} 13. Nxb7 $2 Qb8 $19) 13... Bd7 $146 (13... Nb4 $14) ({Predecessor:} 13... Nb4 14. Bc5 d5 15. exd5 Bxc5 16. dxe6 Bd4 17. exf7+ Rxf7 18. Qc4 Nxa2+ 19. Nxa2 Bb2+ 20. Nxb2 axb2+ 21. Kxb2 Qxd1 22. Qxf7+ Kxf7 {½-½ (37) Vuckovic,M (2034)-Pobor,D (1931) Pljevlja 2018}) 14. Qd2 $16 Nd4 15. Bxd4 exd4 16. Qxd4 Bxa4 17. Nxa4 Qa5 18. Nb6 $1 Rad8 19. Nc4 (19. b4 $16 Qg5+ 20. Kb1) 19... Qc7 $14 {White should prevent ...d5.} 20. Qb6 Qc8 {And now ...d5 would win.} (20... Qb8 $5 {[%cal Rd6d5]} 21. Nxa3 d5 $11) 21. Qb4 (21. Nxa3 $14 d5 22. Nb5) 21... Qc7 22. Qa5 ({Don't go for} 22. Qxa3 $2 d5 $19) 22... Qc6 23. Qb6 Qc8 $1 24. Qb4 (24. Nxa3 $14 d5 25. Nb5) 24... Qe6 {...d5 is the strong threat.} 25. Qb6 $1 ({Much worse is} 25. Qxb7 d5 $17) 25... Nd7 26. Qe3 Nc5 (26... Nf6 $1 $11) 27. Nxa3 (27. Nb6 $16) 27... d5 (27... Ra8 $1 $11 28. Bc4 Qe5) 28. Kb1 Nxe4 {White must now prevent ...Bc5.} 29. fxe4 (29. Nb5 $16 Bc5 30. Rd4 $1) 29... Bxa3 $11 30. Bb5 (30. Qd4 $11) 30... dxe4 $15 {Threatens to win with ...Qe5.} 31. c3 Qe5 32. Bc4 (32. Be2 $15) 32... b5 $17 33. Be2 Bc5 ({Black should try} 33... b4 $17 34. Qg3 Qe6 35. Rxd8 Rxd8) 34. Qg3 $11 Qe7 35. Bxb5 e3 {[#]} 36. Qf3 ({White should play} 36. Rhe1 $1 $16) 36... Rxd1+ (36... Qe5 $1 $11) 37. Rxd1 $16 Qe5 38. Kc2 Be7 39. Rd5 Qe6 40. Bd3 Bf6 41. c4 (41. Qf5 $16 {[%csl Gd3][%cal Rf5h7]} g6 42. Qxe6 fxe6 43. Rd6) 41... Re8 {[#]} (41... Qb6 $11 {keeps the balance.}) 42. Be2 (42. c5 $1 $16) 42... h6 ({Better is} 42... Qe7 $15 43. Qf1 Qb4) 43. Qf5 (43. b4 $14) 43... Qb6 44. Qd7 Rf8 (44... Ra8 $11 45. a3 Qb8) 45. c5 $2 {[%mdl 8192] Now White is beyond hope.} (45. a3 $16 {keeps the pressure on.}) 45... Qa5 46. Qa4 (46. Kd1 $19 Qc3 47. Bb5 Qa1+ 48. Ke2 Qxa2+ 49. Kxe3 Qxg2 50. c6 Bg5+ 51. Kd4 Qg1+ 52. Kd3 Qd1+ 53. Kc4 Qc1+ 54. Kb4 Qe1+ 55. Kc4 Qe4+ 56. Rd4 Qe2+ {[%mdl 64] Double Attack} 57. Kb4 Qe1+ 58. Kc4 Qc1+ 59. Kb4) 46... Qc3+ 47. Kd1 Qa1+ 48. Kc2 Qb2+ 49. Kd3 Qd2+ {Weighted Error Value: White=0.55/Black=0.33} 0-1

[Event "Polgar Challenge 2021"]
[Site "Online"]
[Date "2021.04.04"]
[Round "2.9"]
[White "Nihal Sarin"]
[Black "Yip, Carissa"]
[Result "1-0"]
[WhiteElo "2620"]
[BlackElo "2430"]
[Annotator "TA"]
[PlyCount "77"]
[EventDate "2021.04.08"]
[EventType "tourn"]
[EventCountry "NET"]
[SourceTitle "playchess.com"]
[Source "ChessBase"]
[SourceQuality "1"]

{[%evp 9,77,50,43,34,45,31,31,30,38,16,28,16,57,42,90,45,83,66,90,90,94,96,108,104,100,58,129,81,159,168,177,185,235,240,252,239,314,204,259,284,286,260,298,298,285,291,848,858,1245,734,715,712,873,866,977,975,1058,956,967,918,2350,1998,29981,29982,29987,29988,29988,29989,29989,29990]} 1. Nf3 g6 2. e4 Bg7 3. d4 d6 4. Bc4 e6 5. O-O Ne7 6. Nbd2 {B06: Modern Defence.} a6 7. c3 Nd7 8. Re1 {White is slightly better.} O-O 9. Bd3 $5 {[%mdl 4] Exploring less charted territory.} e5 10. Nf1 {[#]} c6 $146 ({Predecessor:} 10... b5 11. a4 b4 12. Be3 exd4 13. cxd4 c5 14. Bf4 Qb6 15. Ne3 cxd4 16. Nc4 Qa7 17. Bxd6 Nc5 {1-0 (40) Van den Doel,E (2610)-Vedrickas,T (2390) Prague 2019}) 11. Ng3 h6 12. h3 Qc7 13. a4 Rd8 14. Qe2 b6 15. Be3 Bb7 16. dxe5 dxe5 17. b4 b5 (17... c5 $14) 18. c4 {[%cal Ra4b5]} bxc4 ({Black should try} 18... bxa4 19. c5 (19. Rxa4 c5 $11) 19... a5) 19. Bxc4 $16 a5 20. bxa5 Qxa5 21. Qa2 Rf8 22. Red1 Rad8 23. Bd2 Qa8 24. a5 Ba6 25. Be3 c5 26. Rd6 Bxc4 27. Qxc4 Nc6 $2 (27... Rfe8 28. a6 Nf8) 28. Rxg6 $18 Nxa5 {[#]} 29. Rxg7+ $1 {[%mdl 512]} Kxg7 30. Qc3 Rfe8 31. Rxa5 {[%mdl 64] Double Attack} Qc6 32. Nf5+ Kh7 33. Nxh6 Rf8 34. Nxe5 Qf6 35. Nhg4 Qh8 36. Ra6 {White mates.} Kg8 37. Nh6+ Kh7 38. Nhxf7 {[%mdl 64] [#] Double Attack} Nxe5 39. Rh6+ {Weighted Error Value: White=0.17/Black=0.52} 1-0

[Event "Polgar Challenge 2021"]
[Site "Online"]
[Date "2021.04.04"]
[Round "2.10"]
[White "Badelka, Olga"]
[Black "Lei, Tingjie"]
[Result "0-1"]
[WhiteElo "2433"]
[BlackElo "2505"]
[Annotator "ChessBase"]
[PlyCount "76"]
[EventDate "2021.04.08"]
[EventType "tourn"]
[EventCountry "NET"]
[SourceTitle "playchess.com"]
[Source "ChessBase"]
[SourceQuality "1"]
[TimeControl "600+5"]

1. d4 {[%emt 0:00:00]} d5 {[%emt 0:00:00]} 2. Nf3 {[%emt 0:00:00]} Nf6 {[%emt 0:00:00]} 3. Bf4 {[%emt 0:00:01]} e6 {[%emt 0:00:21]} 4. e3 {[%emt 0:00:07]} Bd6 {[%emt 0:00:01]} 5. Bg3 {[%emt 0:00:05]} c5 {[%emt 0:00:13]} 6. Nbd2 {[%emt 0:00:13]} Qb6 {[%emt 0:01:17]} 7. Bxd6 {[%emt 0:01:17]} Qxd6 {[%emt 0:00:03]} 8. dxc5 {[%emt 0:00:02]} Qxc5 {[%emt 0:00:02]} 9. c4 {[%emt 0:00:03]} Nc6 {[%emt 0:00:42]} 10. Rc1 {[%emt 0:00:07]} d4 {[%emt 0:01:14]} 11. exd4 {[%emt 0:00:29]} Nxd4 {[%emt 0:00:03]} 12. a3 {[%emt 0:00:41]} O-O {[%emt 0:01:14]} 13. b4 {[%emt 0:00:08]} Nxf3+ {[%emt 0:00:03]} 14. Nxf3 {[%emt 0:00:21]} Qe7 {[%emt 0:00:05]} 15. c5 {[%emt 0:01:42]} e5 {[%emt 0:03:09]} 16. Bc4 {[%emt 0:00:03]} e4 {[%emt 0:00:06]} 17. Ng5 {[%emt 0:01:22]} h6 {[%emt 0:00:31]} 18. Nxf7 {[%emt 0:00:26]} Rxf7 {[%emt 0:00:06]} 19. Bxf7+ {[%emt 0:00:06]} Qxf7 {[%emt 0:00:05]} 20. Qd8+ {[%emt 0:00:20]} Kh7 {[%emt 0:00:03]} 21. O-O {[%emt 0:00:25]} Qg6 {[%emt 0:00:08]} 22. Qd6 {[%emt 0:01:12]} Bd7 {[%emt 0:00:07]} 23. Rc3 {[%emt 0:00:10]} Bb5 {[%emt 0:00:21]} 24. Rg3 {[%emt 0:00:17]} Qf7 {[%emt 0:00:02]} 25. Rd1 {[%emt 0:00:35]} Nh5 {[%emt 0:00:19]} 26. Re3 {[%emt 0:00:20]} Rf8 {[%emt 0:00:58]} 27. Qd2 {[%emt 0:00:03]} Nf4 {[%emt 0:00:15]} 28. f3 {[%emt 0:00:55]} exf3 {[%emt 0:00:16]} 29. Rxf3 {[%emt 0:00:01]} Bc6 {[%emt 0:00:01]} 30. Rg3 {[%emt 0:00:04]} Be4 {[%emt 0:00:32]} 31. Re1 {[%emt 0:00:09]} Qf5 {[%emt 0:00:09]} 32. Qe3 {[%emt 0:00:28]} Bc6 {[%emt 0:00:05]} 33. Qd2 {[%emt 0:00:16]} Rf6 {[%emt 0:00:02]} 34. h3 {[%emt 0:00:06]} Nxg2 {[%emt 0:00:07]} 35. Rxg2 {[%emt 0:00:07]} Bxg2 {[%emt 0:00:01]} 36. Kxg2 {[%emt 0:00:02]} Rg6+ {[%emt 0:00:04]} 37. Kh2 {[%emt 0:00:02]} Qf3 {[%emt 0:00:05]} 38. Re3 {[%emt 0:00:20]} Qf4+ {[%emt 0:00:02]} 0-1

[Event "Polgar Challenge 2021"]
[Site "Online"]
[Date "2021.04.04"]
[Round "3.1"]
[White "Lei, Tingjie"]
[Black "Zhu, Jiner"]
[Result "1-0"]
[WhiteElo "2505"]
[BlackElo "2459"]
[Annotator "ChessBase"]
[PlyCount "43"]
[EventDate "2021.04.08"]
[EventType "tourn"]
[EventCountry "NET"]
[SourceTitle "playchess.com"]
[Source "ChessBase"]
[SourceQuality "1"]
[TimeControl "600+5"]

1. c4 {[%emt 0:00:00]} Nf6 {[%emt 0:00:00]} 2. Nc3 {[%emt 0:00:00]} e6 {[%emt 0:00:00]} 3. e4 {[%emt 0:00:00]} d5 {[%emt 0:00:00]} 4. cxd5 {[%emt 0:00:00]} exd5 {[%emt 0:00:00]} 5. e5 {[%emt 0:00:00]} d4 {[%emt 0:00:34]} 6. exf6 {[%emt 0:00:01]} dxc3 {[%emt 0:00:03]} 7. Bb5+ {[%emt 0:00:01]} c6 {[%emt 0:00:01]} 8. Qe2+ {[%emt 0:00:03]} Be6 {[%emt 0:00:03]} 9. Bc4 {[%emt 0:00:01]} cxd2+ {[%emt 0:00:05]} 10. Bxd2 {[%emt 0:00:02]} Qxf6 {[%emt 0:00:05]} 11. Nf3 {[%emt 0:00:05]} Be7 {[%emt 0:01:08]} 12. O-O-O {[%emt 0:00:05]} h6 {[%emt 0:01:02]} 13. Rhe1 {[%emt 0:00:03]} O-O {[%emt 0:00:36]} 14. Bxe6 {[%emt 0:00:05]} Qxe6 {[%emt 0:00:12]} 15. Qd3 {[%emt 0:03:25]} Qd6 {[%emt 0:02:36]} 16. Qe4 {[%emt 0:00:05]} Qc5+ {[%emt 0:00:10]} 17. Kb1 {[%emt 0:00:09]} Bd6 {[%emt 0:00:44]} 18. Be3 {[%emt 0:00:34]} Qb4 {[%emt 0:02:10]} 19. Rd4 {[%emt 0:00:03]} Qc5 {[%emt 0:00:12]} 20. Rc1 {[%emt 0:01:38]} Qa5 {[%emt 0:00:11]} 21. Rxd6 {[%emt 0:00:04]} Na6 {[%emt 0:00:31]} 22. Bxh6 {[%emt 0:02:14]} 1-0

[Event "Polgar Challenge 2021"]
[Site "Online"]
[Date "2021.04.04"]
[Round "3.2"]
[White "Yip, Carissa"]
[Black "Badelka, Olga"]
[Result "1-0"]
[WhiteElo "2430"]
[BlackElo "2433"]
[Annotator "NA"]
[PlyCount "95"]
[EventDate "2021.04.08"]
[EventType "tourn"]
[EventCountry "NET"]
[SourceTitle "playchess.com"]
[Source "ChessBase"]
[SourceQuality "1"]
[TimeControl "600+5"]

1. e4 {[%emt 0:00:00]} d5 {[%emt 0:00:00]} 2. exd5 {[%emt 0:00:00]} Qxd5 {[%emt 0:00:00]} 3. Nc3 {[%emt 0:00:06]} Qd6 {[%emt 0:00:00]} 4. d4 {[%emt 0:00:06]} Nf6 {[%emt 0:00:00]} 5. Nb5 {[%emt 0:00:27]} Qd8 {[%emt 0:00:37]} 6. c4 {[%emt 0:00:09]} c6 {[%emt 0:01:28]} 7. Nc3 {[%emt 0:00:02]} Bg4 {[%emt 0:02:30]} 8. Qb3 {[%emt 0:00:31]} Qb6 {[%emt 0:00:21]} 9. h3 {[%emt 0:00:14]} Bh5 {[%emt 0:00:11]} 10. c5 {[%emt 0:00:30]} Qxb3 {[%emt 0:00:16]} 11. axb3 {[%emt 0:00:01]} Nbd7 {[%emt 0:00:18]} 12. b4 {[%emt 0:00:03]} e5 {[%emt 0:00:13]} 13. dxe5 {[%emt 0:00:05]} Nxe5 {[%emt 0:00:02]} 14. f4 {[%emt 0:00:07]} Ned7 {[%emt 0:00:33]} 15. g4 {[%emt 0:00:01]} Nxg4 {[%emt 0:00:02]} 16. hxg4 {[%emt 0:00:01]} Bxg4 {[%emt 0:00:01]} 17. Bh3 {[%emt 0:00:20]} f5 {[%emt 0:00:15]} 18. Kf2 {[%emt 0:00:51]} Nf6 {[%emt 0:00:14]} 19. Bg2 {[%emt 0:00:18]} a6 {[%emt 0:00:26]} 20. Nf3 {[%emt 0:00:12]} O-O-O {[%emt 0:00:16]} 21. Be3 {[%emt 0:00:27]} Bxf3 {[%emt 0:00:28]} 22. Bxf3 {[%emt 0:00:03]} Be7 {[%emt 0:00:18]} 23. Rhd1 {[%emt 0:00:07]} h5 {[%emt 0:00:32]} 24. Rxd8+ {[%emt 0:00:39]} Bxd8 {[%emt 0:00:08]} 25. Rh1 {[%emt 0:00:23]} h4 {[%emt 0:00:17]} 26. Bd4 {[%emt 0:00:45]} Rh7 {[%emt 0:00:52]} 27. Be5 {[%emt 0:00:35]} Nd7 {[%emt 0:00:48]} 28. Bd6 {[%emt 0:00:30]} Bf6 {[%emt 0:00:16]} 29. Be2 {[%emt 0:00:20]} Bd4+ {[%emt 0:00:16]} 30. Kf3 {[%emt 0:00:25]} Nf6 {[%emt 0:00:07]} 31. Bc4 {[%emt 0:00:04]} Kd7 {[%emt 0:00:23]} 32. Re1 {[%emt 0:00:03]} h3 {[%emt 0:00:09]} 33. Be6+ {[%emt 0:00:04]} Kd8 {[%emt 0:00:03]} 34. Bxf5 {[%emt 0:00:39]} Rh5 {[%emt 0:00:02]} 35. Be7+ {[%emt 0:00:56]} Kc7 {[%emt 0:00:05]} 36. Bxf6 {[%emt 0:00:19]} Bxf6 {[%emt 0:00:01]} 37. Bg4 {[%emt 0:00:03]} Rh8 {[%emt 0:00:05]} 38. Rh1 {[%emt 0:00:17]} h2 {[%emt 0:00:03]} 39. Kg2 {[%emt 0:00:08]} Rh4 {[%emt 0:00:13]} 40. Kg3 {[%emt 0:00:11]} b6 {[%emt 0:00:19]} 41. Ne4 {[%emt 0:00:29]} Be7 {[%emt 0:00:04]} 42. Rxh2 {[%emt 0:00:03]} Rxh2 {[%emt 0:00:02]} 43. Kxh2 {[%emt 0:00:00]} a5 {[%emt 0:00:02]} 44. cxb6+ {[%emt 0:00:19]} Kxb6 {[%emt 0:00:02]} 45. bxa5+ {[%emt 0:00:01]} Kxa5 {[%emt 0:00:01]} 46. Be6 {[%emt 0:00:04]} Kb4 {[%emt 0:00:05]} 47. Kg3 {[%emt 0:00:03]} c5 {[%emt 0:00:11]} 48. b3 {[%emt 0:00:02]} 1-0

[Event "Polgar Challenge 2021"]
[Site "Online"]
[Date "2021.04.04"]
[Round "3.3"]
[White "Praggnanandhaa R"]
[Black "Nihal Sarin"]
[Result "1-0"]
[WhiteElo "2608"]
[BlackElo "2620"]
[Annotator "TA"]
[PlyCount "121"]
[EventDate "2021.04.08"]
[EventType "tourn"]
[EventCountry "NET"]
[SourceTitle "playchess.com"]
[Source "ChessBase"]
[SourceQuality "1"]

{[%evp 9,121,26,25,25,45,43,37,40,37,41,41,35,43,27,27,27,20,15,23,26,34,33,29,29,31,28,15,16,19,8,24,22,34,42,76,87,74,64,124,121,121,118,119,120,118,117,133,133,133,119,113,127,104,107,113,113,113,109,364,272,133,65,651,692,683,672,515,394,2182,1945,5923,12817,29955,29959,29955,6422,29969,29969,29969,29971,29971,29970,29970,29970,29969,29967,29965,29960,29976,29969,29970,29971,29971,29973,29981,29982,29982,29983,29985,29986,29986,29984,29982,29983,29983,29984,29985,29985,29985,29986,29986,29985,29987,29988]} 1. d4 Nf6 2. c4 e6 3. Nf3 d5 4. Nc3 Nbd7 5. Bf4 dxc4 6. e3 {D37: Queen's Gambit Declined: 5 Bf4.} b5 7. Nxb5 Bb4+ 8. Nc3 {White is slightly better.} Nd5 9. a3 ({Reject} 9. Bxc4 Nxc3 10. bxc3 Bxc3+ 11. Ke2 Bxa1 $15) 9... Nxc3 10. Qd2 {[%mdl 64] Pin} Bxa3 {[#] ...Ne4 is the strong threat.} 11. bxc3 $1 $146 {[%mdl 8] An important novelty.} ({Inferior is} 11. Rxa3 Nb1 $17) ({Predecessor:} 11. Qxc3 Bd6 12. Bxd6 cxd6 13. Bxc4 O-O 14. d5 e5 15. O-O a5 16. Nd2 Bb7 17. b3 {1-0 (37) Giri,A (2764)-Kramnik,V (2753) chess24.com INT 2020}) 11... Bd6 12. Bxd6 cxd6 13. Bxc4 O-O 14. O-O Bb7 15. Be2 Qc7 16. c4 a5 17. Rfc1 h6 18. Qc3 Rfc8 19. Nd2 e5 20. Bg4 exd4 21. exd4 Re8 22. Bxd7 Qxd7 23. Rxa5 Bxg2 24. Kxg2 $16 {aiming for Rxa8.} Rxa5 25. Qxa5 {Strongly threatening Qh5.} Qg4+ 26. Kh1 Qxd4 27. Qd5 Qxf2 28. Rf1 ({Weaker is} 28. Qxd6 Re2 $15) 28... Re1 29. Qa8+ Kh7 {[#]} 30. Qe4+ $1 {[%mdl 512]} Rxe4 31. Rxf2 {[%mdl 4096] Endgame KRN-KR} Rd4 32. Kg2 f5 33. Kf3 {And now Ke3 would win.} f4 {[%mdl 8192]} (33... Rh4 $16 34. Ke2 Kg6) 34. Ke2 $18 g5 35. Kd1 ({White should play} 35. h3 $16) 35... Kg6 $2 {[%mdl 8192] [#]} (35... Rd3 $14) 36. Kc2 $1 f3 37. Rxf3 Rh4 38. h3 g4 $2 (38... h5 39. Kd3 g4 40. hxg4 Rxg4) 39. hxg4 Rxg4 40. Rd3 h5 41. Rxd6+ Kf7 42. Kd3 h4 43. Nf3 {White mates.} Rg3 44. Ke3 h3 45. Rh6 Kg7 46. Rh4 Kf6 47. Kf4 Rg8 48. Rxh3 Ke6 49. Ke4 Kd6 50. Kd3 Kc5 51. Rh5+ Kb4 52. Rb5+ Ka4 53. Rb1 Rd8+ 54. Nd4 Rc8 55. Kc3 {[%cal Rb1a1]} Ka5 56. Rb5+ Ka6 57. c5 Rh8 58. Kc4 Rh6 59. Rb1 Rg6 60. Re1 Rh6 61. Re6+ {Weighted Error Value: White=0.06/Black=0.66} 1-0

[Event "Polgar Challenge 2021"]
[Site "Online"]
[Date "2021.04.04"]
[Round "3.4"]
[White "Salimova, Nurgyul"]
[Black "Mammadzada, Gunay"]
[Result "0-1"]
[WhiteElo "2397"]
[BlackElo "2443"]
[Annotator "NA"]
[PlyCount "66"]
[EventDate "2021.04.08"]
[EventType "tourn"]
[EventCountry "NET"]
[SourceTitle "playchess.com"]
[Source "ChessBase"]
[SourceQuality "1"]
[TimeControl "600+5"]

1. d4 {[%emt 0:00:00]} Nf6 {[%emt 0:00:00]} 2. Nf3 {[%emt 0:00:01]} d5 {[%emt 0:00:00]} 3. c4 {[%emt 0:00:09]} c6 {[%emt 0:00:02]} 4. Nc3 {[%emt 0:00:03]} a6 {[%emt 0:00:02]} 5. Qc2 {[%emt 0:00:20]} g6 {[%emt 0:00:08]} 6. e4 {[%emt 0:00:27]} dxe4 {[%emt 0:00:03]} 7. Nxe4 {[%emt 0:00:02]} Nxe4 {[%emt 0:00:18]} 8. Qxe4 {[%emt 0:00:02]} Bg7 {[%emt 0:00:00]} 9. Be2 {[%emt 0:00:47]} O-O {[%emt 0:00:34]} 10. O-O {[%emt 0:00:13]} Bf5 {[%emt 0:01:07]} 11. Qh4 {[%emt 0:00:28]} Nd7 {[%emt 0:00:38]} 12. Bg5 {[%emt 0:00:19]} Re8 {[%emt 0:00:47]} 13. Rad1 {[%emt 0:00:36]} Qc7 {[%emt 0:01:45]} 14. Rfe1 {[%emt 0:01:19]} e5 {[%emt 0:01:24]} 15. dxe5 {[%emt 0:00:32]} Nxe5 {[%emt 0:00:02]} 16. Nd4 {[%emt 0:00:09]} Bd7 {[%emt 0:00:14]} 17. Bf6 {[%emt 0:04:51]} c5 {[%emt 0:00:08]} 18. Bxg7 {[%emt 0:00:11]} Kxg7 {[%emt 0:00:05]} 19. Nc2 {[%emt 0:00:19]} Bc6 {[%emt 0:02:32]} 20. Ne3 {[%emt 0:00:05]} Rad8 {[%emt 0:00:15]} 21. Qg3 {[%emt 0:00:16]} f6 {[%emt 0:00:50]} 22. h4 {[%emt 0:00:05]} Kh8 {[%emt 0:00:23]} 23. h5 {[%emt 0:00:15]} Qg7 {[%emt 0:00:14]} 24. hxg6 {[%emt 0:00:09]} Qxg6 {[%emt 0:00:07]} 25. Qh3 {[%emt 0:00:15]} Rg8 {[%emt 0:00:07]} 26. Rxd8 {[%emt 0:00:03]} Rxd8 {[%emt 0:00:04]} 27. Bf1 {[%emt 0:00:07]} Nf3+ {[%emt 0:00:03]} 28. Kh1 {[%emt 0:00:01]} Nxe1 {[%emt 0:00:01]} 29. Qe6 {[%emt 0:00:06]} Re8 {[%emt 0:00:07]} 30. Qd6 {[%emt 0:00:03]} Kg7 {[%emt 0:00:04]} 31. Qc7+ {[%emt 0:00:03]} Kg8 {[%emt 0:00:03]} 32. Qh2 {[%emt 0:00:16]} Re5 {[%emt 0:00:11]} 33. Be2 {[%emt 0:00:09]} Nxg2 {[%emt 0:00:12]} 0-1